000 00693nam a22002057a 4500
999 _c17266
_d17266
003 AR-CdUCM
008 190507b ||||| |||| 00| 0 spa d
040 _aMUNICIPALIDAD PROVINCIAL DEL CUSCO
_cBIBLIOTECA MUNICIPAL DEL CUSCO
082 _a311 /
_bC91
100 _aCroxton, Frederick E.
_937158
245 _aEstadística general aplicada /
260 _aMéxico :
_bFondo de cultura económica,
_c1939.
300 _a702 páginas ;
_c24 cm.
505 _aContenido :Datos estadísticos -- Cuadros estadísticos ...
650 _aEstadística pura.
_937159
650 _aCiencias puras.
_920725
700 _aCowden, Dudley J.
_937160
942 _2ddc
_cLIBROS
945 _arum
_d2019-05-07